000 00688cam a2200265 4500500
005 20260405003156.0
041 _afre
042 _adc
100 1 0 _aRobin, Anne
_eauthor
245 0 0 _aResponsabilité
260 _c2020.
500 _a13
690 _aCulpabilité
690 _aFaute
690 _aHans Jonas
690 _aHegel
690 _aHobbes
690 _aHume
690 _aJustice
690 _aMorale
690 _aPlotin
690 _aResponsabilité
786 0 _nPhilosophie magazine | 144 | 11 | 2020-11-01 | p. 71-71 | 1951-1787
856 4 1 _uhttps://shs.cairn.info/magazine-philosophie-magazine-2020-11-page-71?lang=fr&redirect-ssocas=7080
999 _c2065053
_d2065053